000 01276cam a2200229 i 4500
020 _a9781107096820 (hardback)
020 _a9781107480674 (paperback)
082 0 0 _a551.6
100 1 _aDessler, Andrew Emory.
245 1 0 _aIntroduction to modern climate change /
_cAndrew Dessler, Texas A&M University.
250 _aSecond edition.
260 _aUK
_bCambridge University press
_c2016
300 _axiii, 257 pages :
_billustrations (some color) ;
_c26 cm
504 _aIncludes bibliographical references and index.
650 0 _aClimatic changes.
650 0 _aClimatic changes
_982037
942 _2ddc
_cBK
999 _c586355
_d586355